Danish things [pic] - Statistics

General Stats
  • This quiz has been taken 26 times
  • The average score is 9 of 16
Answer Stats
Picture Answer % Correct
Danish flag
91%
Vikings
87%
Football
83%
Danish pastry
78%
Beer / drinking
74%
Greenland
74%
Handball
65%
Little Mermaid
65%
Wind power
61%
Cycling
57%
Roskilde Festival
52%
Tivoli
48%
Smørrebrød
43%
Lars von Trier
22%
Søren Kierkegaard
22%
Akvavit
9%
No matching quizzes found
Score Distribution
Percent of People with Each Score
Percentile by Number Answered
Your Score History
You have not taken this quiz